Delmarva Counties Quiz - Statistics

General Stats
  • This quiz has been taken 10 times
  • The average score is 9 of 14
Answer Stats
Answer % Correct
Kent
89%
Kent
89%
New Castle
89%
Sussex
89%
Cecil
78%
Dorchester
67%
Wicomico
67%
Caroline
56%
Northampton
56%
Somerset
56%
Worcester
56%
Accomack
44%
Queen Anne's
44%
Talbot
44%
No matching quizzes found
Score Distribution
Percent of People with Each Score
Percentile by Number Answered
Your Score History
You have not taken this quiz